[Event "Cto España Equipos Div. Honor"]
[Site "Mondariz - Hotel Cemar"]
[Date "2002.12.03"]
[Round "4.4"]
[White "Gonzalez Velez, Fermin"]
[Black "Hernando R, Jose Ma"]
[Result "1-0"]
[WhiteElo "2379"]
[BlackElo "2371"]
[PlyCount "101"]
[EventDate "2002.11.30"]

1. Nf3 Nf6 2. c4 c6 3. b3 d5 4. Bb2 Bg4 5. e3 Nbd7 6. h3 Bh5 7. d3 e6 8. Be2
Bb4+ 9. Nc3 Bxf3 10. gxf3 Qa5 11. Qc2 Ba3 12. O-O-O b5 13. Rhg1 g6 14. Kb1 Bxb2
15. Qxb2 Qb6 16. cxb5 cxb5 17. d4 a6 18. Bd3 Qd6 19. Ne2 O-O 20. Nf4 Nb6 21.
Ka1 a5 22. Bxb5 a4 23. b4 a3 24. Qd2 Rfb8 25. Rc1 Ra7 26. Rc6 Qe7 27. Rgc1 Kg7
28. Nd3 Ne8 29. Ne5 Nd6 30. R6c5 Nxb5 31. Nc6 Qe8 32. Rxb5 Rc7 33. Rbc5 Ra8 34.
Ne5 Rxc5 35. dxc5 Na4 36. c6 Qe7 37. Qd4 f6 38. Nd3 Rb8 39. c7 Rc8 40. Qa7 Qd7
41. Nc5 Nxc5 42. Qxc5 e5 43. b5 d4 44. b6 d3 45. Qxa3 d2 46. Rd1 Qxh3 47. Qe7+
Kh6 48. Qxf6 e4 49. Qf4+ Kg7 50. fxe4 h5 51. b7 1-0

[Event "Cto España Equipos Div. Honor"]
[Site "Mondariz - Hotel Cemar"]
[Date "2002.12.03"]
[Round "4.4"]
[White "Ruiz Jimenez, Francisco Jose"]
[Black "Yepes Martinez, Eduard"]
[Result "1/2-1/2"]
[WhiteElo "2119"]
[BlackElo "2273"]
[PlyCount "54"]
[EventDate "2002.11.30"]

1. e4 e6 2. d4 d5 3. Nd2 Nf6 4. e5 Nfd7 5. Bd3 c5 6. c3 Nc6 7. Ne2 cxd4 8. cxd4
f6 9. exf6 Nxf6 10. Nf3 Bd6 11. O-O O-O 12. Bg5 Qe8 13. Ng3 e5 14. dxe5 Nxe5
15. Nxe5 Qxe5 16. Qd2 Ne4 17. Bxe4 dxe4 18. Rad1 Bc7 19. Rfe1 h6 20. Be3 Bg4
21. Rc1 Be6 22. a3 Rac8 23. Bd4 Qd5 24. Bc3 Bxg3 25. hxg3 Qxd2 26. Bxd2 Rxc1
27. Rxc1 Rc8 $11 1/2-1/2

[Event "Cto España Equipos Div. Honor"]
[Site "Mondariz - Hotel Cemar"]
[Date "2002.12.04"]
[Round "5.1"]
[White "Cifuentes Parada, Roberto"]
[Black "Marin, Mihail"]
[Result "1/2-1/2"]
[WhiteElo "2507"]
[BlackElo "2556"]
[PlyCount "124"]
[EventDate "2002.11.30"]

1. d4 Nf6 2. Nf3 e6 3. g3 b5 4. Bg2 Bb7 5. O-O c5 6. Bg5 Be7 7. c3 Na6 8. Nbd2
O-O 9. Qb3 Rb8 10. Qxb5 Bxf3 11. Qxa6 Bxg2 12. Kxg2 Rxb2 13. Nb3 Qa8+ 14. Kg1
cxd4 15. cxd4 Qe4 16. Bxf6 Bxf6 17. e3 h5 18. Rfd1 h4 19. Rd2 Rxd2 20. Nxd2 Qc2
21. Nb3 Qe4 22. Rc1 d5 23. Qe2 e5 24. dxe5 Bxe5 25. Nc5 Qf5 26. Qd3 Qf3 27. Qd1
Qxd1+ 28. Rxd1 hxg3 29. hxg3 Rd8 30. e4 d4 31. Nd3 Bc7 32. Rc1 Bb6 33. Kg2 Re8
34. e5 f6 35. exf6 gxf6 36. Kf3 Kf7 37. Rc6 Rd8 38. Ke4 Rd7 39. g4 Rd8 40. a4
Rg8 41. f4 Rxg4 42. Kf5 Rg6 43. Ne5+ fxe5 44. Rxg6 exf4 45. Rg2 f3 46. Rf2 Ke7
47. Rxf3 Kd6 48. Ke4 Kc6 49. Rf5 a6 50. Kd3 Kb7 51. Kc4 d3 52. Kxd3 Kb8 53. Kc4
Kb7 54. Kd5 Bg1 55. Rf1 Be3 56. Kd6 Bd4 57. Rb1+ Ka7 58. Kc6 Be3 59. a5 Bf2 60.
Rb7+ Ka8 61. Kc7 Be3 62. Rb6 Ka7 1/2-1/2

[Event "Cto España Equipos Div. Honor"]
[Site "Mondariz - Hotel Cemar"]
[Date "2002.12.04"]
[Round "5.1"]
[White "Giorgadze, Giorgi"]
[Black "Illescas Cordoba, Miguel"]
[Result "1/2-1/2"]
[WhiteElo "2601"]
[BlackElo "2585"]
[PlyCount "34"]
[EventDate "2002.11.30"]

1. e4 e5 2. Nf3 Nf6 3. Nc3 Nc6 4. g3 d6 5. Bg2 g6 6. O-O Bg7 7. d3 O-O 8. Ne1
Bg4 9. f3 Be6 10. f4 Qd7 11. Nf3 Bg4 12. fxe5 dxe5 13. Be3 Kh8 14. Qd2 Ng8 15.
Bc5 Nce7 16. Nd5 b6 17. Ba3 c5 1/2-1/2

[Event "Cto España Equipos Div. Honor"]
[Site "Mondariz - Hotel Cemar"]
[Date "2002.12.04"]
[Round "5.1"]
[White "Hernandez, Gilberto"]
[Black "Rodriguez, Orestes"]
[Result "1-0"]
[WhiteElo "2546"]
[BlackElo "2465"]
[PlyCount "51"]
[EventDate "2002.11.30"]

1. e4 e5 2. Nf3 Nc6 3. Bb5 a6 4. Ba4 d6 5. Bxc6+ bxc6 6. d4 f6 7. Nh4 Qd7 8. h3
Ne7 9. dxe5 fxe5 10. f4 exf4 11. Bxf4 Bb7 12. Nc3 O-O-O 13. Qd4 h6 14. O-O-O
Qe6 15. Bd2 c5 16. Qf2 g6 17. Rhf1 Nc6 18. Nd5 Ne5 19. Bc3 Bg7 20. Nxg6 Rhe8
21. Qf5 Rd7 22. Ngf4 Qg8 23. Nh5 Bxd5 24. exd5 Bh8 25. g4 Nc4 26. Bxh8 1-0

[Event "Cto España Equipos Div. Honor"]
[Site "Mondariz - Hotel Cemar"]
[Date "2002.12.04"]
[Round "5.2"]
[White "Campos Moreno, Javier B"]
[Black "Arizmendi Martinez, Julen Luis"]
[Result "1/2-1/2"]
[WhiteElo "2475"]
[BlackElo "2510"]
[PlyCount "98"]
[EventDate "2002.11.30"]

1. d4 d6 2. c4 e5 3. Nf3 e4 4. Ng5 f5 5. g3 Be7 6. Nh3 Nf6 7. Bg2 c6 8. f3 Nbd7
9. fxe4 Nxe4 10. O-O Nb6 11. Qb3 Bf6 12. Rd1 Be6 13. d5 cxd5 14. cxd5 Bd7 15.
Qf3 Nc4 16. Nc3 O-O 17. Nxe4 fxe4 18. Qb3 b5 19. Nf4 Qb6+ 20. Kh1 e3 21. a4
Rfc8 22. axb5 Qxb5 23. Qxb5 Bxb5 24. Ra2 Nd2 25. Bh3 Rcb8 26. Bxd2 Bc4 27. Raa1
exd2 28. Rxd2 Bxb2 29. Be6+ Kh8 30. Ra4 Bc1 31. Rd4 Bb3 32. Ra6 g5 33. Nd3 Be3
34. Re4 Bb6 35. Kg2 Rf8 36. h4 gxh4 37. Rxh4 Rf6 38. Re4 Raf8 39. Ra3 Bc2 40.
Ra2 Bb3 41. Ra3 Bc2 42. Ra2 Bb1 43. Rb2 Bxd3 44. exd3 Rf1 45. Rc2 Rg1+ 46. Kh3
Rh1+ 47. Kg2 Rg1+ 48. Kh3 Rh1+ 49. Kg2 Rg1+ 1/2-1/2

[Event "Cto España Equipos Div. Honor"]
[Site "Mondariz - Hotel Cemar"]
[Date "2002.12.04"]
[Round "5.2"]
[White "Corral Blanco, Juan A"]
[Black "Rodriguez Guerrero, Enrique"]
[Result "1-0"]
[WhiteElo "2319"]
[BlackElo "2463"]
[PlyCount "87"]
[EventDate "2002.11.30"]

1. Nf3 c5 2. c4 Nc6 3. g3 e5 4. Nc3 g6 5. Bg2 Bg7 6. O-O d6 7. a3 a5 8. Ne1 Be6
9. Qa4 Bd7 10. e3 Nge7 11. Nb5 Be6 12. d4 cxd4 13. exd4 exd4 14. Bf4 Be5 15.
Nd3 O-O 16. Rad1 Nc8 17. Qc2 Nb6 18. c5 Bxf4 19. cxb6 Qxb6 20. Nc7 Qxc7 21.
Nxf4 Qb6 22. Bd5 Bf5 23. Qd2 Rfe8 24. h4 Bg4 25. Rc1 Ne5 26. Kg2 Rac8 27. f3
Bd7 28. g4 Rxc1 29. Rxc1 Rc8 30. Rxc8+ Bxc8 31. Ba2 Qc5 32. h5 b5 33. Qxa5 Kg7
34. g5 Nc6 35. h6+ Kf8 36. Qc7 Qxg5+ 37. Kf1 Bh3+ 38. Nxh3 Qc1+ 39. Kg2 Qxb2+
40. Kg3 Qxa2 41. Qxd6+ Ke8 42. Qxc6+ Ke7 43. Qc5+ Ke6 44. Ng5+ 1-0

[Event "Cto España Equipos Div. Honor"]
[Site "Mondariz - Hotel Cemar"]
[Date "2002.12.04"]
[Round "5.2"]
[White "Narciso Dublan, Marc"]
[Black "Pablo Mari, Alejandro"]
[Result "1-0"]
[WhiteElo "2467"]
[BlackElo "2434"]
[PlyCount "109"]
[EventDate "2002.11.30"]

1. d4 Nf6 2. c4 e6 3. g3 Bb4+ 4. Bd2 Qe7 5. Bg2 O-O 6. e3 d5 7. Ne2 dxc4 8. Qc2
c5 9. Bxb4 cxb4 10. Nd2 Nc6 11. Nxc4 Bd7 12. b3 Rac8 13. Qb2 Rc7 14. O-O Rfc8
15. e4 Nd8 16. d5 exd5 17. exd5 Qf8 18. Nd4 Rc5 19. Ne3 b6 20. Qe2 R8c7 21. Qd2
a5 22. Ndf5 Bxf5 23. Nxf5 Rd7 24. Rfe1 Nb7 25. Re5 Nd6 26. Nd4 Nde8 27. Rae1
Nc7 28. Nf5 Ncxd5 29. Qg5 Nc7 30. Rxc5 bxc5 31. Bc6 Rd8 32. Ne7+ Kh8 33. Qxc5
Ne6 34. Qa7 g6 35. Ba4 Rd2 36. Nc6 Ng4 37. Rf1 Kg7 38. Qxa5 Qd6 39. Qxb4 Qxb4
40. Nxb4 Nd4 41. h3 Nf3+ 42. Kg2 Ne3+ 43. Kxf3 Nxf1 44. Bb5 Rd4 45. Bxf1 Rxb4
46. Bc4 Rb7 47. Ke4 Rd7 48. Bd5 Ra7 49. a4 Kf6 50. Kd4 Ra5 51. Bc6 Ke6 52. b4
Re5 53. a5 Kd6 54. a6 Re7 55. b5 1-0

[Event "Cto España Equipos Div. Honor"]
[Site "Mondariz - Hotel Cemar"]
[Date "2002.12.04"]
[Round "5.3"]
[White "Castillo Gallego, Sergio"]
[Black "Lezcano Jaen, Pedro"]
[Result "0-1"]
[WhiteElo "2208"]
[BlackElo "2402"]
[PlyCount "78"]
[EventDate "2002.11.30"]

1. e4 Nf6 2. e5 Nd5 3. d4 d6 4. Nf3 dxe5 5. Nxe5 c6 6. Be2 Bf5 7. g4 Be6 8. f4
f6 9. Nd3 Bf7 10. O-O Na6 11. Nc3 Nxc3 12. bxc3 Nc7 13. Qe1 Nb5 14. a4 Nxd4 15.
Bd1 Nb3 16. cxb3 Qxd3 17. Rf3 Qd7 18. Re3 e6 19. b4 Bd6 20. Bb3 e5 21. fxe5
Bxe5 22. Rxe5+ fxe5 23. Qxe5+ Kf8 24. Bxf7 Kxf7 25. Qf4+ Kg8 26. Be3 h5 27.
Qc4+ Qf7 28. Qe2 hxg4 29. Rf1 Qe6 30. Qf2 Rh3 31. Bd4 Rf3 32. Re1 Qf7 33. Qe2
g3 34. h3 Rf8 35. Kg2 Kh8 36. a5 Qd5 37. Qe4 Rf2+ 38. Kg1 Rf1+ 39. Kg2 Rxe1 0-1

[Event "Cto España Equipos Div. Honor"]
[Site "Mondariz - Hotel Cemar"]
[Date "2002.12.04"]
[Round "5.3"]
[White "Pomes, Juan"]
[Black "Granados Gomez, Manuel"]
[Result "0-1"]
[WhiteElo "2380"]
[BlackElo "2410"]
[PlyCount "68"]
[EventDate "2002.11.30"]

1. d4 d5 2. c4 c6 3. e3 Nf6 4. Nc3 a6 5. a4 Bf5 6. Qb3 Ra7 7. Nf3 h6 8. Be2 e6
9. Ne5 Nbd7 10. f4 Ne4 11. Nxe4 Bxe4 12. O-O Nxe5 $11 13. fxe5 Be7 14. cxd5
exd5 15. Bd3 Bxd3 16. Qxd3 O-O 17. Bd2 Qd7 18. Rf3 f6 19. Qg6 fxe5 20. Rxf8+
Bxf8 21. dxe5 Ra8 22. e6 Qe8 23. Qg4 h5 24. Qh3 Qg6 25. e7 Bxe7 26. Qd7 Bd6 27.
Rf1 Rf8 28. Rxf8+ Bxf8 29. Bc3 Bc5 30. Qc8+ Kh7 31. Kf2 Qc2+ 32. Kg3 Bxe3 33.
Be5 Qd3 34. Qxb7 Bd4+ 0-1

[Event "Cto España Equipos Div. Honor"]
[Site "Mondariz - Hotel Cemar"]
[Date "2002.12.04"]
[Round "5.3"]
[White "Reinaldo, Roi"]
[Black "Baron Rodriguez, Jesus"]
[Result "1/2-1/2"]
[WhiteElo "2412"]
[BlackElo "2412"]
[PlyCount "54"]
[EventDate "2002.11.30"]

1. e4 e5 2. Nf3 Nc6 3. Bb5 a6 4. Ba4 Nf6 5. O-O Nxe4 6. d4 b5 7. Bb3 d5 8. dxe5
Be6 9. Nbd2 Nc5 10. c3 d4 11. Ng5 Nxb3 12. Nxe6 fxe6 13. axb3 dxc3 14. bxc3 Qd3
15. Qg4 Qf5 16. Qxf5 exf5 17. Ba3 Bxa3 18. Rxa3 Ke7 19. f4 Rhd8 20. Nf3 a5 21.
Kf2 h6 22. g3 a4 23. Rfa1 axb3 24. Rxa8 b2 25. Rb1 Rxa8 26. Rxb2 Ra5 27. Ke3
Ke6 1/2-1/2

[Event "Cto España Equipos Div. Honor"]
[Site "Mondariz - Hotel Cemar"]
[Date "2002.12.04"]
[Round "5.3"]
[White "Vassallo, Mauricio"]
[Black "Martin Gonzalez, Angel"]
[Result "1/2-1/2"]
[WhiteElo "2460"]
[BlackElo "2411"]
[PlyCount "29"]
[EventDate "2002.11.30"]

1. Nf3 g6 2. d4 Nf6 3. g3 Bg7 4. Bg2 O-O 5. O-O d5 6. c4 dxc4 7. Na3 c3 8. bxc3
c5 9. e3 Nc6 10. Qe2 Qa5 11. Bb2 Rb8 12. Nd2 cxd4 13. cxd4 Qa4 14. Nb3 b6 15.
Qb5 1/2-1/2

[Event "Cto España Equipos Div. Honor"]
[Site "Mondariz - Hotel Cemar"]
[Date "2002.12.04"]
[Round "5.4"]
[White "Carrasco Martinez, Juan M"]
[Black "Ruiz Jimenez, Francisco"]
[Result "1/2-1/2"]
[WhiteElo "2370"]
[BlackElo "2119"]
[PlyCount "40"]
[EventDate "2002.11.30"]

1. d4 d5 2. Nf3 Nf6 3. c4 c6 4. e3 Bf5 5. Nc3 e6 6. Bd3 Bxd3 7. Qxd3 Nbd7 8.
O-O Bb4 9. Bd2 a5 10. a3 Be7 11. e4 Nc5 12. dxc5 dxe4 13. Qxd8+ Rxd8 14. Nxe4
Nxe4 15. Bxa5 Ra8 16. Bc7 Bxc5 17. Rae1 Bd6 18. Bb6 Bc5 19. Bc7 Bd6 20. Bb6 Bc5
1/2-1/2

[Event "Cto España Equipos Div. Honor"]
[Site "Mondariz - Hotel Cemar"]
[Date "2002.12.04"]
[Round "5.4"]
[White "De la Rocha, Ramon"]
[Black "Garcia Castro, Pablo"]
[Result "1/2-1/2"]
[WhiteElo "2285"]
[BlackElo "2330"]
[PlyCount "82"]
[EventDate "2002.11.30"]

1. c4 e5 2. g3 Nf6 3. Bg2 d5 4. cxd5 Nxd5 5. Nf3 Nc6 6. O-O Be7 7. d4 e4 8. Ne5
f5 9. Nxc6 bxc6 10. Qa4 Qd6 11. Nc3 O-O 12. f3 Nb6 13. Qd1 exf3 14. Bxf3 Bf6
15. Bf4 Qxd4+ 16. e3 Qxd1 17. Rfxd1 Bb7 18. Rac1 Rad8 19. Bxc7 Rxd1+ 20. Nxd1
Nd5 21. Bd6 Rd8 22. Bc5 a5 23. a3 Be5 24. Kf2 Nf6 25. Ke1 Ne4 26. Bb6 Rd5 27.
a4 Bd6 28. Bd4 Bb4+ 29. Bc3 Rd3 30. Bxb4 axb4 31. Bxe4 fxe4 32. Rc4 c5 33. Rxc5
Bd5 34. a5 Be6 35. Re5 Bg4 36. Nf2 Rxe3+ 37. Kf1 Be2+ 38. Kg2 Bf3+ 39. Kf1 Be2+
40. Kg2 Bf3+ 41. Kf1 Be2+ 1/2-1/2

[Event "Cto España Equipos Div. Honor"]
[Site "Mondariz - Hotel Cemar"]
[Date "2002.12.04"]
[Round "5.4"]
[White "Estremera Panos, Sergio"]
[Black "Sanchez Guirado, Francisco"]
[Result "1/2-1/2"]
[WhiteElo "2359"]
[BlackElo "2383"]
[PlyCount "23"]
[EventDate "2002.11.30"]

1. d4 d5 2. c4 e6 3. Nf3 Nf6 4. Nc3 Be7 5. Bg5 Nbd7 6. e3 O-O 7. Rc1 c6 8. Bd3
dxc4 9. Bxc4 Nd5 10. Bxe7 Qxe7 11. O-O Nxc3 12. Rxc3 1/2-1/2

[Event "Cto España Equipos Div. Honor"]
[Site "Mondariz - Hotel Cemar"]
[Date "2002.12.04"]
[Round "5.4"]
[White "Jerez, Alfonso"]
[Black "Gonzalez Velez, Fermin"]
[Result "1/2-1/2"]
[WhiteElo "2392"]
[BlackElo "2379"]
[PlyCount "29"]
[EventDate "2002.11.30"]

1. d4 Nf6 2. c4 c5 3. d5 e5 4. Nc3 d6 5. e4 Be7 6. Bd3 Nbd7 7. Nf3 Nf8 8. O-O
Ng6 9. a3 O-O 10. b4 b6 11. Rb1 Nh5 12. Re1 Ngf4 13. Bf1 f5 14. bxc5 bxc5 15.
g3 1/2-1/2

[Event "Cto España Equipos Div. Honor"]
[Site "Mondariz - Hotel Cemar"]
[Date "2002.12.05"]
[Round "6.1"]
[White "Illescas Cordoba, Miguel"]
[Black "Hernandez, Gilberto"]
[Result "1/2-1/2"]
[WhiteElo "2598"]
[BlackElo "2546"]
[PlyCount "75"]
[EventDate "2002.11.30"]

1. d4 Nf6 2. c4 c5 3. d5 g6 4. Nc3 Bg7 5. e4 d6 6. Bd3 O-O 7. Nge2 e6 8. O-O
exd5 9. exd5 Ng4 10. f4 f5 11. h3 Nh6 12. Be3 Nd7 13. Qc2 Nf6 14. Bf2 Bd7 15.
Rab1 Re8 16. b4 b6 17. Rfe1 Nf7 18. a4 a5 19. bxa5 Rxa5 20. Bh4 Ra6 21. Ng3 Qa8
22. Nxf5 gxf5 23. Bxf5 Bxf5 24. Qxf5 Nh6 25. Qd3 Nh5 26. Qf3 Bd4+ 27. Kh2 Ng7
28. Nb5 Rxe1 29. Rxe1 Nhf5 30. Nc7 Qb7 31. Nxa6 Nxh4 32. Qg4 Nhf5 33. Qg5 Qxa6
34. Qd8+ Kf7 35. Qd7+ Kg8 36. Qd8+ Kf7 37. Qd7+ Kg8 38. Qd8+ 1/2-1/2

[Event "Cto España Equipos Div. Honor"]
[Site "Mondariz - Hotel Cemar"]
[Date "2002.12.05"]
[Round "6.1"]
[White "Rustemov, Alexander"]
[Black "Giorgadze, Giorgi"]
[Result "1-0"]
[WhiteElo "2597"]
[BlackElo "2601"]
[PlyCount "87"]
[EventDate "2002.11.30"]

1. Nf3 Nf6 2. c4 e6 3. Nc3 d5 4. e3 c5 5. d4 Nc6 6. cxd5 exd5 7. Bb5 Bd6 8. O-O
O-O 9. h3 Bf5 10. dxc5 Bxc5 11. b3 Rc8 12. Bb2 Bd6 13. Be2 a6 14. Rc1 Re8 15.
Re1 h6 16. Bf1 Qa5 17. a3 Bxa3 18. Ra1 Bxb2 19. Rxa5 Nxa5 20. Nxd5 Bc2 21.
Nxf6+ Bxf6 22. Qd5 Bc3 23. Rc1 Red8 24. Qh5 Bg6 25. Qg4 Nxb3 26. Rd1 b5 27. Nh4
Bc2 28. Rxd8+ Rxd8 29. Nf5 Kh7 30. Be2 Bf6 31. Qf4 Bd1 32. Bg4 Bxg4 33. hxg4
Bg5 34. Qc7 Bf6 35. Qxf7 Nc5 36. Nxh6 Ne4 37. f4 Nd6 38. Qc7 Ne8 39. Qf7 Nd6
40. Qe6 Kxh6 41. g5+ Kg6 42. g4 Nc4 43. gxf6 gxf6 44. Kf2 1-0

[Event "Cto España Equipos Div. Honor"]
[Site "Mondariz - Hotel Cemar"]
[Date "2002.12.05"]
[Round "6.2"]
[White "Arizmendi Martinez, Julen Luis"]
[Black "Damljanovic, Branko"]
[Result "1-0"]
[WhiteElo "2510"]
[BlackElo "2550"]
[PlyCount "101"]
[EventDate "2002.11.30"]

1. e4 c5 2. Nf3 Nc6 3. d4 cxd4 4. Nxd4 Nf6 5. Nc3 d6 6. Bg5 e6 7. Qd2 a6 8.
O-O-O Bd7 9. f3 Be7 10. h4 h6 11. Be3 h5 12. Bg5 Qc7 13. Kb1 Rd8 14. Nxc6 Bxc6
15. Bd3 d5 16. Qe1 dxe4 17. Nxe4 Nxe4 18. fxe4 Bxg5 19. hxg5 Qf4 20. Qh4 Qxh4
21. Rxh4 g6 22. Kc1 Ke7 23. Kd2 f6 24. gxf6+ Kxf6 25. Rdh1 Kg5 26. Ke3 Rhf8 27.
R4h3 e5 28. Rg3+ Kh6 29. Rgh3 Rf4 30. Rf3 Rg4 31. g3 Rd4 32. Rh4 Rxh4 33. gxh4
Rd6 34. Rf7 Rd8 35. a3 a5 36. b4 axb4 37. axb4 Rd7 38. Rf6 Re7 39. b5 Kg7 40.
Rd6 Bd7 41. Bc4 Bg4 42. Bd5 g5 43. hxg5 h4 44. Rh6 h3 45. Kf2 Bc8 46. Kg3 Re8
47. Rf6 Rh8 48. Kh2 Rh4 49. Rf7+ Kg6 50. Rf8 Bd7 51. Rg8+ 1-0

[Event "Cto España Equipos Div. Honor"]
[Site "Mondariz - Hotel Cemar"]
[Date "2002.12.05"]
[Round "6.2"]
[White "Corral Blanco, Juan A"]
[Black "Narciso Dublan, Marc"]
[Result "0-1"]
[WhiteElo "2463"]
[BlackElo "2467"]
[PlyCount "80"]
[EventDate "2002.11.30"]

1. d4 d5 2. c4 e6 3. Nc3 c5 4. cxd5 exd5 5. Nf3 Nc6 6. g3 Nf6 7. Bg2 Be7 8. O-O
O-O 9. Bg5 cxd4 10. Nxd4 h6 11. Be3 Re8 12. Rc1 Bg4 13. Na4 Qd7 14. Nxc6 bxc6
15. Qd3 Qb7 16. a3 Nd7 17. h3 Bh5 18. Rfe1 Bf6 19. Qc2 Re6 20. b4 Qa6 21. g4
Bg6 22. Qb3 Rae8 23. Bf1 Rxe3 24. fxe3 Bg5 25. Rc3 Qb7 26. Bg2 Qc7 27. Rf1 Nf6
28. Nc5 h5 29. gxh5 Nxh5 30. b5 Ng3 31. Rf2 d4 32. exd4 Nxe2+ 33. Rxe2 Rxe2 34.
Rf3 Re1+ 35. Bf1 Qd6 36. Qc3 Rc1 37. Qb4 Qd5 38. Rg3 cxb5 39. Nd3 Bxd3 40. Rxd3
Qf5 0-1

[Event "Cto España Equipos Div. Honor"]
[Site "Mondariz - Hotel Cemar"]
[Date "2002.12.05"]
[Round "6.2"]
[White "Dominguez Perez, Lenier"]
[Black "Pablo Mari, Alejandro"]
[Result "1-0"]
[WhiteElo "2608"]
[BlackElo "2434"]
[PlyCount "81"]
[EventDate "2002.11.30"]

1. e4 c5 2. Nf3 d6 3. d4 cxd4 4. Nxd4 Nf6 5. Nc3 a6 6. Be3 e5 7. Nb3 Be6 8. f4
exf4 9. Bxf4 Nc6 10. Qd2 d5 11. O-O-O Nxe4 12. Nxe4 dxe4 13. Qe3 Qf6 14. Qxe4
Rc8 15. Bc4 Be7 16. Bxe6 Qxe6 17. Rhe1 Qxe4 18. Rxe4 f5 19. Ree1 Rd8 20. Nc5
Rxd1+ 21. Kxd1 b6 22. Nxa6 Kd7 23. b4 Bxb4 24. Nxb4 Nxb4 25. Re5 Rd8 26. Bg5
Ra8 27. Re7+ Kc6 28. Bd2 Nd5 29. Rxg7 Rxa2 30. Rxh7 Ra4 31. Rh5 Rg4 32. Rg5 Rd4
33. Ke2 Rc4 34. Rxf5 Rxc2 35. h4 Rc5 36. g4 Kd6 37. h5 Ke6 38. h6 Ne7 39. Rxc5
bxc5 40. h7 Ng6 41. Bc3 1-0

[Event "Cto España Equipos Div. Honor"]
[Site "Mondariz - Hotel Cemar"]
[Date "2002.12.05"]
[Round "6.2"]
[White "Franco, Zenon"]
[Black "Romero Holmes, Alfonso"]
[Result "1/2-1/2"]
[WhiteElo "2504"]
[BlackElo "2524"]
[PlyCount "32"]
[EventDate "2002.11.30"]

1. c4 b6 2. d4 e6 3. a3 Bb7 4. Nc3 f5 5. d5 Nf6 6. g3 Na6 7. Bg2 Nc5 8. Nh3 Bd6
9. O-O Be5 10. Qc2 O-O 11. Nf4 Qe7 12. Bd2 Qf7 13. Rad1 Nce4 14. Nxe4 Nxe4 15.
Bc1 Rae8 16. dxe6 dxe6 1/2-1/2

[Event "Cto España Equipos Div. Honor"]
[Site "Mondariz - Hotel Cemar"]
[Date "2002.12.05"]
[Round "6.2"]
[White "Rodriguez Guerrero, Enrique"]
[Black "Campos Moreno, Javier B"]
[Result "0-1"]
[WhiteElo "2319"]
[BlackElo "2475"]
[PlyCount "82"]
[EventDate "2002.11.30"]

1. e4 c5 2. Nf3 Nc6 3. d4 cxd4 4. Nxd4 Nf6 5. Nc3 d6 6. f3 e5 7. Nb3 Be7 8. Be3
O-O 9. Qd2 a5 10. Bb5 Na7 11. Bd3 Be6 12. Rd1 Nc8 13. a3 Nb6 14. Qf2 Nfd7 15.
Nd5 Bxd5 16. exd5 a4 17. Nc1 Qc7 18. Na2 f5 19. O-O Nc4 20. Bc1 b5 21. Qe2 g6
22. Kh1 Bf6 23. Nc3 Nxa3 24. Nxb5 Nxb5 25. Bxb5 Nc5 26. Bc6 Rab8 27. Qc4 Qa7
28. Qa2 Qb6 29. Bh6 Bg7 30. Bxg7 Kxg7 31. Rb1 Qb4 32. Qa3 Rb6 33. Qe3 h6 34. f4
Qd4 35. Qxd4 exd4 36. Rfd1 Rfb8 37. Ra1 Rxb2 38. Bxa4 Ra8 39. Bb3 Rxa1 40. Rxa1
d3 41. Rc1 d2 0-1

[Event "Cto España Equipos Div. Honor"]
[Site "Mondariz - Hotel Cemar"]
[Date "2002.12.05"]
[Round "6.3"]
[White "Baron Rodriguez, Jesus"]
[Black "Vassallo, Mauricio"]
[Result "1/2-1/2"]
[WhiteElo "2412"]
[BlackElo "2460"]
[PlyCount "51"]
[EventDate "2002.11.30"]

1. e4 d6 2. Nc3 g6 3. d4 c6 4. Be3 Bg7 5. Qd2 Nd7 6. Nf3 b5 7. Bd3 a6 8. h3 Bb7
9. O-O c5 10. a4 b4 11. Ne2 Qc7 12. c4 cxd4 13. Bxd4 e5 14. Be3 Nc5 15. Rad1 a5
16. Bc2 Rd8 17. Bxc5 Qxc5 18. Nc1 Nf6 19. Nb3 Qc7 20. Qe3 O-O 21. Rd2 Bc6 22.
Nc1 Qb7 23. Nb3 Qc7 24. Nc1 Qb7 25. Nb3 Qc7 26. Nc1 1/2-1/2

[Event "Cto España Equipos Div. Honor"]
[Site "Mondariz - Hotel Cemar"]
[Date "2002.12.05"]
[Round "6.3"]
[White "Del Rio Angelis, Gabriel"]
[Black "Reinaldo, Roi"]
[Result "0-1"]
[WhiteElo "2494"]
[BlackElo "2412"]
[PlyCount "106"]
[EventDate "2002.11.30"]

1. d4 e6 2. e4 d5 3. Nc3 Bb4 4. e5 c5 5. a3 Bxc3+ 6. bxc3 Ne7 7. h4 Qa5 8. Bd2
Nbc6 9. h5 Bd7 10. Nf3 O-O-O 11. Rb1 a6 12. Qc1 Ng8 13. Qb2 Qc7 14. Kd1 Na5 15.
c4 Bc6 16. Bxa5 Qxa5 17. Nd2 Qc7 18. dxc5 Ne7 19. Kc1 d4 20. Nf3 Bxf3 21. gxf3
Rd7 22. f4 Qc6 23. Rh3 Qe4 24. Qb4 Qxf4+ 25. Kb2 Nc6 26. Qa4 Qxe5 27. Ka2 Qxc5
28. Qb3 f5 29. Qf3 Rf8 30. Qe2 e5 31. Rhb3 e4 32. Qd2 Ne5 33. Qg5 Nxc4 34. Rb4
Ne5 35. Qf4 Nc6 36. Rb6 Rc7 37. Qg5 Qxc2+ 38. R1b2 Qc5 39. f3 Qd5+ 40. Ka1 Qc5
41. fxe4 Qxa3+ 42. Kb1 Qe3 43. Qxe3 dxe3 44. exf5 Nd4 45. Bxa6 bxa6 46. Rb8+
Kd7 47. Rxf8 e2 48. Rxe2 Nxe2 49. f6 gxf6 50. Rxf6 Nc3+ 51. Kb2 Na4+ 52. Ka3
Nc5 53. Kb4 Ne6 0-1

[Event "Cto España Equipos Div. Honor"]
[Site "Mondariz - Hotel Cemar"]
[Date "2002.12.05"]
[Round "6.3"]
[White "Martin Gonzalez, Angel"]
[Black "Castillo Gallego, Sergio"]
[Result "1/2-1/2"]
[WhiteElo "2411"]
[BlackElo "2208"]
[PlyCount "63"]
[EventDate "2002.11.30"]

1. e4 e5 2. Nf3 Nc6 3. Bb5 a6 4. Ba4 d6 5. d4 b5 6. Bb3 Nxd4 7. Nxd4 exd4 8. c3
dxc3 9. Qh5 Qd7 10. Nxc3 Nf6 11. Qe2 Be7 12. O-O O-O 13. Rd1 Qg4 14. f3 Qh5 15.
a4 b4 16. Nd5 Nxd5 17. Bxd5 Rb8 18. Be3 c5 19. Bf4 a5 20. e5 dxe5 21. Bxe5 Ba6
22. Qe4 Rbe8 23. Bc6 Bf6 24. Bxe8 Bxe5 25. Bxf7+ Kxf7 26. Qd5+ Kg6 27. Qe6+ Rf6
28. Qe8+ Rf7 29. Qe6+ Rf6 30. Qe8+ Rf7 31. Qe6+ Rf6 32. Qe8+ 1/2-1/2

[Event "Cto España Equipos Div. Honor"]
[Site "Mondariz - Hotel Cemar"]
[Date "2002.12.05"]
[Round "6.4"]
[White "Carrasco Martinez, Juan M"]
[Black "Jerez, Alfonso"]
[Result "1/2-1/2"]
[WhiteElo "2370"]
[BlackElo "2392"]
[PlyCount "81"]
[EventDate "2002.11.30"]

1. d4 Nf6 2. Nf3 g6 3. c4 Bg7 4. Nc3 d5 5. Bf4 O-O 6. e3 c5 7. dxc5 Qa5 8. Rc1
dxc4 9. Bxc4 Qxc5 10. Bb3 Qa5 11. O-O Nc6 12. h3 Bf5 13. Qe2 Ne4 14. Nd5 e5 15.
Bh2 Nc5 16. Bc4 e4 17. Nd4 Nxd4 18. exd4 Ne6 19. Ne7+ Kh8 20. d5 Nd4 21. Qe3 b5
22. Bb3 Qb4 23. Nc6 Nxc6 24. dxc6 Bxb2 25. Rcd1 Qc3 26. Qxc3+ Bxc3 27. Bd6 Rfc8
28. Bxf7 Rxc6 29. Bd5 Rxd6 30. Bxa8 Bd2 31. g4 Be6 32. Bxe4 Bxa2 33. Ra1 Bc4
34. Rfd1 a6 35. Bc2 b4 36. Ba4 h5 37. Kg2 Kg7 38. Rab1 hxg4 39. hxg4 Be2 40.
Rxd2 Rxd2 41. Rxb4 1/2-1/2

[Event "Cto España Equipos Div. Honor"]
[Site "Mondariz - Hotel Cemar"]
[Date "2002.12.05"]
[Round "6.4"]
[White "Guerra Bastida, Diego"]
[Black "Hernando R, Jose Ma"]
[Result "1-0"]
[WhiteElo "2361"]
[BlackElo "2371"]
[PlyCount "87"]
[EventDate "2002.11.30"]

1. e4 e6 2. d4 d5 3. Nd2 Nf6 4. e5 Nfd7 5. Bd3 c5 6. c3 Nc6 7. Ne2 cxd4 8. cxd4
f6 9. exf6 Nxf6 10. Nf3 Bd6 11. O-O Qc7 12. Nc3 a6 13. Bg5 O-O 14. Bh4 g6 15.
Bg5 Nh5 16. Bh6 Rxf3 17. Qxf3 Nxd4 18. Qe3 Bxh2+ 19. Kh1 Be5 20. Nxd5 exd5 21.
f4 Bf5 22. fxe5 Bxd3 23. Rfc1 Bc4 24. Qxd4 Ng3+ 25. Kh2 Nf5 26. Qf4 Nxh6 27.
Qxh6 Re8 28. Re1 Rxe5 29. Rxe5 Qxe5+ 30. Kh1 d4 31. Qd2 Bd5 32. Qf2 Be4 33. Kg1
h5 34. Re1 Qd5 35. Qh4 Bf5 36. Re8+ Kg7 37. Re7+ Kh6 38. Qf4+ g5 39. Qb8 g4 40.
Qh8+ Kg5 41. Qg7+ Kf4 42. Qh6+ Kg3 43. Qd2 Kh4 44. g3+ 1-0